| 000 | 01055cam a2200301 a 4500 | ||
|---|---|---|---|
| 001 | 2971 | ||
| 005 | 20250710105357.0 | ||
| 020 | _a9781416991724 | ||
| 040 |
_aDLC _cDLC _dDLC _beng |
||
| 050 | 0 | 0 |
_aPZ7.M47879343 _b 2010 |
| 082 | 0 | 0 | _a476 |
| 100 | 1 | _aMcNamara, Margaret | |
| 245 | 1 | 0 |
_aWash your hands! / _cwritten by Margaret McNamara ; illustrated by Mike Gordon. |
| 250 | _aFirst published in 2010 | ||
| 260 |
_aNew York : _bSimon Spotlight, _c2010 |
||
| 300 |
_a30 unnumbered pages : _bcolor illustrations ; _c24 cm . |
||
| 490 | 0 | _aRobin Hill School | |
| 490 | 0 | _aReady-to-read. Level 1, starting to read | |
| 505 | _aJ | ||
| 520 | _aWhen everyone in Ms. Connor's first grade class has a cold, she shows her students how to wash their hands to get rid of germs. | ||
| 521 | 1 |
_a500
_bLexile |
|
| 521 | 1 |
_aJ
_bRaz-Plus |
|
| 650 | 1 |
_aHand washing _vFiction. |
|
| 650 | 1 |
_aSchools _vFiction. |
|
| 700 | 1 |
_aGordon, Mike _d1948 March 16- _eillustrator |
|
| 906 |
_a7 _bcbc _corignew _d1 _eecip _f20 _gy-gencatlg |
||
| 942 |
_2ddc _cBK _n0 |
||
| 999 |
_c2971 _d2971 |
||